Obligational practices of the Corporation for National and Community Service.

Bibliographic Details
Main Author: Gamboa, Anthony H., 1942-
Corporate Authors: Corporation for National and Community Service (U.S.), United States. General Accounting Office
Format: Government Document eBook
Language:English
Published: Washington, DC : U.S. General Accounting Office, [2003]
Subjects:
Online Access:https://purl.fdlp.gov/GPO/LPS36543

MARC

Tag First Indicator Second Indicator Subfields
LEADER 00000cam a2200000 a 4500
001 in00001784150
005 20211202200351.0
006 m d f
007 cr an-
008 031105s2003 dcu s f000 0 eng c
035 |a (OCoLC)ocm53351560 
037 |b GAO (202)512-6000 (voice); (202)512-6061 (Fax); (202)512-2537 (TDD)  |f paper copy 
040 |a GPO  |c GPO  |d MvI  |d UtOrBLW 
042 |a pcc 
043 |a n-us--- 
049 |a WWW 
074 |a 0545 (online) 
086 0 |a GA 1.2:B-300480 
088 |a B-300480 
100 1 |a Gamboa, Anthony H.,  |d 1942- 
245 1 0 |a Obligational practices of the Corporation for National and Community Service. 
246 3 0 |a Corporation for National and Community Service 
264 1 |a Washington, DC :  |b U.S. General Accounting Office,  |c [2003] 
336 |a text  |b txt  |2 rdacontent 
337 |a computer  |b c  |2 rdamedia 
338 |a online resource  |b cr  |2 rdacarrier 
538 |a System requirements: Adobe Acrobat Reader. 
538 |a Mode of access: Internet from GAO web site. Address as of 11/04/03: http://www.gao.gov/decisions/appro/300480.pdf; current access available via PURL. 
500 |a Title from title screen (viewed on Nov. 4, 2003). 
500 |a "April 9, 2003." 
500 |a Paper version available from: General Accounting Office, 441 G St., NW, Rm. LM, Washington, D.C. 20548. 
500 |a "B-300480." 
500 |a Electronic resource. 
610 2 0 |a Corporation for National and Community Service (U.S.)  |x Endowments. 
610 2 0 |a AmeriCorps (U.S.) 
650 0 |a Educational assistance, American. 
650 0 |a Grants-in-aid  |x Law and legislation  |z United States. 
710 2 |a Corporation for National and Community Service (U.S.) 
710 1 |a United States.  |b General Accounting Office. 
856 4 0 |u https://purl.fdlp.gov/GPO/LPS36543  |t 0 
999 |a MARS 
999 f f |s fb1b072f-dbf4-3bec-8fad-d6755924bb4c  |i ae0c0655-808e-30a8-b929-f9883b607207  |t 0 
952 f f |a Texas A&M University  |b College Station  |c Electronic Resources  |d Available Online  |t 0  |e GA 1.2:B-300480  |h Superintendent of Documents classification 
998 f f |a GA 1.2:B-300480  |t 0  |l Available Online